| 000 | 00449nam a2200181Ia 4500 | ||
|---|---|---|---|
| 003 | 0100 | ||
| 008 | 130227s9999 xx 000 0 und d | ||
| 040 | _cARRUPELIB | ||
| 050 | _aB3278.H49S693 1991 | ||
| 100 |
_aSteiner, George _924467 |
||
| 245 | _aMartin Heideger | ||
| 260 | _aChicago | ||
| 260 | _bThe University of Chicago | ||
| 300 | _axxxv | ||
| 300 | _b 173p. 20cm. | ||
| 600 |
_aHeidegger, Martin _924468 |
||
| 942 |
_2lcc _03 _cMONOGRAPH |
||
| 999 |
_c1720 _d1720 |
||